000 00855nam a2200277Ia 4500
001 Z_2328
003 CHAP
008 220113s1993 xx 000 0 und d
010 _a165385
040 _cCHAP
090 _aTesis J 837
100 _aJara Aguilar, David
_961099
245 _aDegradación de los componentes de la fibra de la dieta por efecto de probióticos en bovinos /
_cpor David Jara Aguilar
260 _aChapingo, Méx. :
_bEl autor,
_c1993
300 _a54 h.
502 _aTesis (Ing. Agr. Esp. en Zootecnia) -- UACH. Departamento de Zootecnia
650 _aAlimentos y alimentación del ganado
_xDigestibilidad
_94333
650 _aFibras vegetales en nutrición animal
_940707
650 _aProbióticos
_991693
901 _aTESIS J 837
902 _aM
910 _a1993
942 _c2
942 _c2
999 _c165385
_d165385